Statistics for The Countries of Asia quiz

Click here to take the quiz!

General Stats

  • This quiz has been taken 18 times
    (4 since last reset)
  • The average score is 39 of 46

Answer Stats

Countries% Correct
Bahrain
100%
Bhutan
100%
Brunei
100%
Burma
100%
Cambodia
100%
China
100%
India
100%
Indonesia
100%
Iran
100%
Iraq
100%
Japan
100%
Jordan
100%
Kuwait
100%
Laos
100%
Lebanon
100%
Malaysia
100%
Maldives
100%
Mongolia
100%
Nepal
100%
North Korea
100%
Oman
100%
Pakistan
100%
Phillippines
100%
Qatar
100%
Saudi Arabia
100%
Singapore
100%
South Korea
100%
Sri Lanka
100%
Syria
100%
Taiwan
100%
Thailand
100%
UAE
100%
Vietnam
100%
Yemen
100%
Armenia
75%
Bangladesh
75%
Kyrgyzstan
75%
Tajikistan
75%
Timor - Leste
75%
Turkmenistan
75%
Uzbekistan
75%
Afganistan
0%
Hong Kong
0%
Isreal
0%
Macao
0%
Palestine
0%

Score Distribution

Percentile by Number Answered

Percent of People with Each Score

Your Score History

You have not taken this quiz since the last reset